| 000 | 00814cam a22002893a 4500 | ||
|---|---|---|---|
| 001 | 1026 | ||
| 003 | PGUSA | ||
| 005 | 20140828082956.0 | ||
| 008 | 970801s1997||||xxu|||||s|||||000 1 eng d | ||
| 040 |
_aPGUSA _beng |
||
| 042 | _adc | ||
| 050 | 4 | _aPR | |
| 100 | 1 |
_aGrossmith, Weedon, _d1852-1919 |
|
| 245 | 1 | 4 |
_aThe Diary of a Nobody _h[electronic resource] / _cWeedon Grossmith |
| 260 |
_bProject Gutenberg, _c1997 |
||
| 506 | _aPublic domain in the USA. | ||
| 516 | _aElectronic text | ||
| 653 | _aHumorous stories | ||
| 653 | _aMen -- England -- Fiction | ||
| 653 | _aSuburban life -- Fiction | ||
| 653 | _aEngland -- Fiction | ||
| 653 | _aMiddle class -- Fiction | ||
| 653 | _aDiary fiction | ||
| 830 | 0 |
_aProject Gutenberg _v1026 |
|
| 856 | 4 | 0 | _uhttp://www.gutenberg.org/ebooks/1026 |
| 942 | _cEB | ||
| 999 |
_c230377 _d230377 |
||